Statistiques concernant Départements limitrophes de l'Eure-et-Loir

Cliquez ici pour prendre le quiz!

Statistiques générales

  • Ce quiz a été pris 25 fois
  • Le résultat moyen est 6 sur 7

Statistiques - réponses

Département % Correct
Loiret
95%
Eure
90%
Loir-et-Cher
86%
Orne
81%
Sarthe
76%
Yvelines
71%
Essonne
67%

Distribution des résultats

Percentile by Number Answered

% des personnes avec chaque résultat

Votre développement - résultats

Vous n’avez pas pris ce quiz